[Event "Fortaleza Cearense zt"]
[Site "Fortaleza"]
[Date "2019.09.28"]
[Round "3"]
[White "Da Silva, Francisco Iran Sant"]
[Black "Vacis, Gabriel Nunes"]
[Result "1-0"]
[WhiteElo "1819"]
[BlackElo "1251"]
[PlyCount "69"]
[EventDate "2019.09.26"]
[EventType "swiss"]
[EventRounds "6"]
[EventCountry "BRA"]
[SourceTitle "EXT 2020"]
[Source "ChessBase"]
[SourceDate "2019.10.17"]
[SourceVersion "1"]
[SourceVersionDate "2019.10.17"]
[SourceQuality "1"]

1. e4 e5 2. Bc4 Nf6 3. d3 Bc5 4. Nc3 d6 5. Na4 Na6 6. Nxc5 Nxc5 7. f4 Be6 8. Bb3 Nxb3 9. axb3 a6 10. Nf3 Bg4 11. 0-0 Qe7 12. h3 Bd7 13. Qe1 Nh5 14. f5 h6 15. c4 Nf4 16. Bxf4 exf4 17. Qd2 0-0 18. Qxf4 Qf6 19. Qd2 b5 20. Ra5 Rfe8 21. Rfa1 Bc8 22. cxb5 Bb7 23. bxa6 Bxa6 24. Rxa6 Rab8 25. R1a3 Rb6 26. Qc3 Qe7 27. Rxb6 cxb6 28. Qc6 Qd8 29. Ra6 b5 30. Qxd6 Qc8 31. Qc6 Qb8 32. e5 Rc8 33. Qe4 Rc1+ 34. Kh2 Rb1 35. Ra8 1-0

[Event "Fortaleza Cearense zt"]
[Site "Fortaleza"]
[Date "2019.09.28"]
[Round "4"]
[White "Vacis, Gabriel Nunes"]
[Black "Silveira, Jose Wanderley Maci"]
[Result "0-1"]
[WhiteElo "1251"]
[BlackElo "1741"]
[PlyCount "68"]
[EventDate "2019.09.26"]
[EventType "swiss"]
[EventRounds "6"]
[EventCountry "BRA"]
[SourceTitle "EXT 2020"]
[Source "ChessBase"]
[SourceDate "2019.10.17"]
[SourceVersion "1"]
[SourceVersionDate "2019.10.17"]
[SourceQuality "1"]

1. e4 c5 2. Nf3 Nc6 3. d4 cxd4 4. Nxd4 Nf6 5. Nc3 e5 6. Nf3 Bb4 7. Bd3 d5 8. Bd2 Bxc3 9. Bxc3 dxe4 10. Nxe5 exd3 11. Nxc6 bxc6 12. cxd3 Qe7+ 13. Kf1 0-0 14. Qd2 Re8 15. Re1 Qxe1+ 16. Qxe1 Rxe1+ 17. Kxe1 Ba6 18. Kd2 Rd8 19. d4 Ne4+ 20. Ke3 Nxc3 21. bxc3 Re8+ 22. Kd2 Re2+ 23. Kd1 Rxa2 24. Re1 Ra1+ 25. Kd2 Rxe1 26. Kxe1 Bc4 27. Kd2 a5 28. Kc2 a4 29. Kb2 Kf8 30. Ka3 Bb3 31. c4 Ke7 32. Kb4 Kd6 33. Kc3 c5 34. dxc5+ Kxc5 0-1

[Event "BRA-ch North-Northeast U1600"]
[Site "Fortaleza"]
[Date "2019.04.28"]
[Round "5.7"]
[White "De Sousa, Daniel Paiva"]
[Black "Vacis, Gabriel Nunes"]
[Result "1-0"]
[WhiteElo "1536"]
[BlackElo "1320"]
[PlyCount "65"]
[EventDate "2019.04.26"]
[EventType "swiss"]
[EventRounds "6"]
[EventCountry "BRA"]
[SourceTitle "EXT 2022"]
[Source "ChessBase"]
[SourceDate "2021.10.06"]
[SourceVersion "1"]
[SourceVersionDate "2021.10.06"]
[SourceQuality "1"]

1. c4 e5 2. Nc3 Nf6 3. g3 d5 4. cxd5 Nxd5 5. Bg2 Nxc3 6. bxc3 c6 7. e3 Bf5 8. Qb3 Qb6 9. Nf3 Qxb3 10. axb3 Be4 11. 0-0 Bxf3 12. Bxf3 Nd7 13. d4 Bd6 14. Ba3 Bxa3 15. Rxa3 0-0 16. d5 cxd5 17. Bxd5 Nc5 18. b4 Rfd8 19. Bg2 Ne6 20. Bxb7 Rab8 21. Bc6 Rdc8 22. Bg2 Rc7 23. Rc1 f5 24. Bd5 Kf7 25. Ra6 Rb6 26. Ra3 Rd6 27. c4 e4 28. Rca1 Rdd7 29. Ra6 Re7 30. c5 Rcd7 31. Bxe6+ Rxe6 32. Rxa7 Rxa7 33. Rxa7+ 1-0

[Event "BRA-ch North-Northeast U1600"]
[Site "Fortaleza"]
[Date "2019.04.27"]
[Round "3.5"]
[White "Souza, Neurismar da Rocha"]
[Black "Vacis, Gabriel Nunes"]
[Result "1-0"]
[WhiteElo "1597"]
[BlackElo "1320"]
[PlyCount "63"]
[EventDate "2019.04.26"]
[EventType "swiss"]
[EventRounds "6"]
[EventCountry "BRA"]
[SourceTitle "EXT 2022"]
[Source "ChessBase"]
[SourceDate "2021.10.06"]
[SourceVersion "1"]
[SourceVersionDate "2021.10.06"]
[SourceQuality "1"]

1. e4 e5 2. Nf3 Nc6 3. Bc4 Bc5 4. c3 Nf6 5. d4 exd4 6. cxd4 Bb4+ 7. Bd2 Bxd2+ 8. Nbxd2 d5 9. exd5 Nxd5 10. 0-0 0-0 11. Re1 Bf5 12. a3 Nf6 13. Nb3 Be4 14. Nc5 Bxf3 15. Qxf3 Qxd4 16. Qc3 Qxc5 17. Bxf7+ Rxf7 18. Qxc5 Ng4 19. f3 Nge5 20. Rxe5 Nxe5 21. Qxe5 Rd8 22. Rc1 c6 23. Rc2 Kf8 24. Re2 b6 25. Qe4 g6 26. Qxc6 Rf5 27. Qc7 Re8 28. Qd6+ Kg7 29. Rxe8 Kh6 30. Qd2+ Kg7 31. Re7+ Rf7 32. Qd4+ 1-0

[Event "Fortaleza zt CE"]
[Site "Fortaleza"]
[Date "2018.10.12"]
[Round "1.8"]
[White "Vacis, Gabriel Nunes"]
[Black "Bandeira, George Veras"]
[Result "0-1"]
[WhiteElo "1261"]
[BlackElo "1817"]
[PlyCount "100"]
[EventDate "2018.10.12"]
[EventType "swiss"]
[EventRounds "6"]
[EventCountry "BRA"]
[SourceTitle "EXT 2022"]
[Source "ChessBase"]
[SourceDate "2021.10.06"]
[SourceVersion "1"]
[SourceVersionDate "2021.10.06"]
[SourceQuality "1"]

1. e4 c5 2. Nf3 d6 3. d4 cxd4 4. Nxd4 Nf6 5. Nc3 a6 6. Be2 e5 7. Nf3 Be7 8. 0-0 0-0 9. Be3 b5 10. a3 Bb7 11. Bd3 Nbd7 12. Bg5 h6 13. Bxf6 Nxf6 14. Re1 Re8 15. Bf1 Qc7 16. Qd3 Bf8 17. Nd2 Rac8 18. h3 Qb6 19. Nd5 Nxd5 20. exd5 Qc5 21. Rac1 Qxd5 22. Qxd5 Bxd5 23. Bd3 Ba8 24. Be4 d5 25. Bf5 Rc7 26. Bg4 g6 27. Bd1 h5 28. c3 Bh6 29. Rc2 d4 30. Ne4 Bxe4 31. Rxe4 d3 32. Rce2 dxe2 33. Rxe2 Rd7 34. Bb3 Rd2 35. Rxd2 Bxd2 36. c4 Bc1 37. cxb5 axb5 38. a4 Bxb2 39. axb5 Bd4 40. Kf1 Rb8 41. Bc4 Rc8 42. Bd3 f5 43. f3 Rc3 44. Ke2 Kf7 45. Bb1 Ke7 46. h4 Kd6 47. Kd2 Rb3 48. Bd3 Rb2+ 49. Kd1 Rxg2 50. Bf1 Rh2 0-1

[Event "Fortaleza Schoonenborch U1900 4th"]
[Site "Fortaleza"]
[Date "2017.02.12"]
[Round "6.9"]
[White "Aquino, Francisco Jose Alve"]
[Black "Vacis, Gabriel Nunes"]
[Result "1-0"]
[WhiteElo "1715"]
[BlackElo "1322"]
[PlyCount "87"]
[EventDate "2017.02.09"]
[EventType "swiss"]
[EventRounds "6"]
[EventCountry "BRA"]
[SourceTitle "EXT 2022"]
[Source "ChessBase"]
[SourceDate "2021.10.06"]
[SourceVersion "1"]
[SourceVersionDate "2021.10.06"]
[SourceQuality "1"]

1. e4 e5 2. Nf3 Nc6 3. Bb5 Nd4 4. Nxd4 exd4 5. c3 dxc3 6. Nxc3 c6 7. Bc4 d6 8. 0-0 Be7 9. Qb3 Nh6 10. d4 Bg5 11. Re1 0-0 12. Ne2 Bxc1 13. Raxc1 Qe7 14. Ng3 Qc7 15. Qc3 Be6 16. d5 cxd5 17. Nh5 f6 18. Bxd5 Qf7 19. Nf4 Bxd5 20. Nxd5 Rac8 21. Qa3 a6 22. Qxd6 Rxc1 23. Rxc1 Ng4 24. f3 Ne5 25. Rc7 Qe8 26. Ne7+ Kh8 27. Nf5 Nf7 28. Qg3 Rg8 29. Rxb7 Qd8 30. Qe1 Ne5 31. h3 a5 32. Qc1 Qc8 33. Qxc8 Rxc8 34. Rxg7 Nd3 35. Ra7 Nxb2 36. Rxa5 Nc4 37. Ra6 Rb8 38. Rxf6 Kg8 39. Ra6 Nb2 40. Ra7 Nc4 41. Ne7+ Kf8 42. Nd5 Rb1+ 43. Kh2 Ne3 44. Nxe3 1-0

[Event "Fortaleza Schoonenborch U1900 4th"]
[Site "Fortaleza"]
[Date "2017.02.10"]
[Round "2.10"]
[White "Vacis, Gabriel Nunes"]
[Black "De Lima, Nilo Fernandes"]
[Result "0-1"]
[WhiteElo "1322"]
[BlackElo "1659"]
[PlyCount "38"]
[EventDate "2017.02.09"]
[EventType "swiss"]
[EventRounds "6"]
[EventCountry "BRA"]
[SourceTitle "EXT 2022"]
[Source "ChessBase"]
[SourceDate "2021.10.06"]
[SourceVersion "1"]
[SourceVersionDate "2021.10.06"]
[SourceQuality "1"]

1. e4 e5 2. Nf3 Nc6 3. Bb5 a6 4. Bxc6 dxc6 5. 0-0 f6 6. d3 Bd6 7. Be3 Ne7 8. Nbd2 Ng6 9. d4 0-0 10. c3 Be6 11. Nb3 b6 12. d5 cxd5 13. exd5 Bg4 14. Nbd2 Re8 15. Ne4 Nh4 16. Ned2 e4 17. h3 Bxf3 18. Nxf3 exf3 19. gxf3 Qd7 0-1

[Event "Fortaleza Cearense Cup"]
[Site "Fortaleza"]
[Date "2015.12.11"]
[Round "2"]
[White "Aquino, Francisco Jose Alve"]
[Black "Vacis, Gabriel Nunes"]
[Result "1-0"]
[WhiteElo "1765"]
[BlackElo "1346"]
[PlyCount "77"]
[EventDate "2015.12.10"]
[EventType "swiss"]
[EventRounds "6"]
[EventCountry "BRA"]
[SourceTitle "EXT 2017"]
[Source "ChessBase"]
[SourceDate "2016.10.25"]
[SourceVersion "1"]
[SourceVersionDate "2016.10.25"]
[SourceQuality "1"]

1. e4 e5 2. Nf3 Nc6 3. Bb5 d6 4. 0-0 g6 5. c3 a6 6. Ba4 Nf6 7. Re1 Bh6 8. d4 0-0 9. Bxh6 Re8 10. dxe5 dxe5 11. Qxd8 Rxd8 12. Bg5 Kg7 13. Bxc6 bxc6 14. Nxe5 Rd6 15. Nf3 Re6 16. Nbd2 a5 17. Bxf6+ Rxf6 18. Nb3 Re6 19. Nbd4 Rd6 20. e5 Rd5 21. Nxc6 Bd7 22. Ncd4 Re8 23. Rad1 c5 24. Nf5+ Bxf5 25. Rxd5 Be6 26. Rxc5 Bxa2 27. Rxa5 Be6 28. Ra7 Rc8 29. Ng5 Bb3 30. Nxf7 Bxf7 31. e6 Rb8 32. Rxf7+ Kh6 33. e7 Re8 34. Rf8 Rxf8 35. exf8Q+ Kh5 36. Re5+ g5 37. Qf7+ Kh4 38. g3+ Kh3 39. Qh5# 1-0

[Event "Fortaleza Pompeu de Sousa Memoria"]
[Site "Fortaleza"]
[Date "2015.03.28"]
[Round "2.9"]
[White "Nogueira, Jorge da Silva"]
[Black "Vacis, Gabriel Nunes"]
[Result "1-0"]
[WhiteElo "1620"]
[BlackElo "1340"]
[PlyCount "77"]
[EventDate "2015.03.27"]
[EventType "swiss"]
[EventRounds "5"]
[EventCountry "BRA"]
[SourceTitle "EXT 2022"]
[Source "ChessBase"]
[SourceDate "2021.10.06"]
[SourceVersion "1"]
[SourceVersionDate "2021.10.06"]
[SourceQuality "1"]

1. d4 e6 2. e4 Bb4+ 3. c3 Bd6 4. Nf3 Nf6 5. e5 Be7 6. exf6 Bxf6 7. Bd3 0-0 8. 0-0 d6 9. Nbd2 Nc6 10. Ne4 Be7 11. Bc2 d5 12. Ng3 b6 13. Qd3 g6 14. Bh6 Re8 15. Rfe1 Bb7 16. Nh5 Bf8 17. Bg5 Be7 18. Bd2 Qd7 19. Bh6 Bf8 20. Nf6+ Kh8 21. Nxd7 Bxh6 22. Nde5 Nxe5 23. Nxe5 Re7 24. Qf3 Kg8 25. Ng4 Bd2 26. Re2 Bg5 27. Rae1 Rae8 28. g3 Ba6 29. Re5 f6 30. Nxf6+ Bxf6 31. Qxf6 Bc4 32. Ba4 b5 33. Bb3 Bxb3 34. axb3 a5 35. Rxe6 Rxe6 36. Rxe6 Rf8 37. Qe5 Kf7 38. Re7+ Kg8 39. Qg7# 1-0